<?xml version="1.0" encoding="UTF-8"?>
<record
    xmlns:xsi="http://www.w3.org/2001/XMLSchema-instance"
    xsi:schemaLocation="http://www.loc.gov/MARC21/slim http://www.loc.gov/standards/marcxml/schema/MARC21slim.xsd"
    xmlns="http://www.loc.gov/MARC21/slim">

  <leader>00882    a2200169   4500</leader>
  <controlfield tag="001">125434</controlfield>
  <datafield tag="020" ind1=" " ind2=" ">
    <subfield code="a">9788573403787</subfield>
  </datafield>
  <datafield tag="040" ind1=" " ind2=" ">
    <subfield code="c">Escola Canadense de Niteroi</subfield>
  </datafield>
  <datafield tag="090" ind1=" " ind2=" ">
    <subfield code="a">M3/M7</subfield>
  </datafield>
  <datafield tag="100" ind1=" " ind2=" ">
    <subfield code="a">Queiroz, Rachel </subfield>
  </datafield>
  <datafield tag="245" ind1="1" ind2="0">
    <subfield code="a">O Menino M&#xE1;gico</subfield>
  </datafield>
  <datafield tag="260" ind1=" " ind2=" ">
    <subfield code="a">S&#xE3;o Paulo</subfield>
  </datafield>
  <datafield tag="300" ind1=" " ind2=" ">
    <subfield code="a">92 p.</subfield>
    <subfield code="b">il.</subfield>
    <subfield code="c">0 x 26 x 0.6 cm</subfield>
  </datafield>
  <datafield tag="362" ind1="0" ind2=" ">
    <subfield code="a">2006</subfield>
  </datafield>
  <datafield tag="520" ind1=" " ind2=" ">
    <subfield code="a">Daniel era um menino diferente - com uma imagina&#xE7;&#xE3;o f&#xE9;rtil e seus poderes m&#xE1;gicos, ele conseguia viajar durante o sono para os mais incr&#xED;veis lugares e fazer coisas que um menino normal nem sonharia. Por causa da intelig&#xEA;ncia incomum de seu primo - e melhor amigo - Jorge, um dia os dois inventam de ir sozinhos a um programa de TV, com a inten&#xE7;&#xE3;o de conseguir um pr&#xEA;mio. S&#xF3; que eles n&#xE3;o imaginavam que aquelas m&#xE1;gicas e mentirinhas inocentes pudessem arrumar tanta confus&#xE3;o... E isso era s&#xF3; o come&#xE7;o!</subfield>
  </datafield>
  <datafield tag="942" ind1=" " ind2=" ">
    <subfield code="c">BK</subfield>
  </datafield>
  <datafield tag="952" ind1=" " ind2=" ">
    <subfield code="0">0</subfield>
    <subfield code="1">0</subfield>
    <subfield code="4">0</subfield>
    <subfield code="7">0</subfield>
    <subfield code="a">80.1</subfield>
    <subfield code="b">80.1</subfield>
    <subfield code="d">2024-02-09</subfield>
    <subfield code="l">0</subfield>
    <subfield code="o">M3/M7</subfield>
    <subfield code="p">A06848</subfield>
    <subfield code="r">2024-02-09 21:22:06</subfield>
    <subfield code="w">2024-02-09</subfield>
    <subfield code="y">BK</subfield>
  </datafield>
  <datafield tag="952" ind1=" " ind2=" ">
    <subfield code="0">0</subfield>
    <subfield code="1">0</subfield>
    <subfield code="4">0</subfield>
    <subfield code="7">0</subfield>
    <subfield code="a">80.1</subfield>
    <subfield code="b">80.1</subfield>
    <subfield code="d">2024-02-09</subfield>
    <subfield code="l">0</subfield>
    <subfield code="o">M3/M7</subfield>
    <subfield code="p">A110HZ</subfield>
    <subfield code="r">2024-02-09 21:22:06</subfield>
    <subfield code="w">2024-02-09</subfield>
    <subfield code="y">BK</subfield>
  </datafield>
  <datafield tag="952" ind1=" " ind2=" ">
    <subfield code="0">0</subfield>
    <subfield code="1">0</subfield>
    <subfield code="4">0</subfield>
    <subfield code="7">0</subfield>
    <subfield code="a">12.10</subfield>
    <subfield code="b">12.10</subfield>
    <subfield code="d">2024-02-09</subfield>
    <subfield code="l">0</subfield>
    <subfield code="o">M3/M7</subfield>
    <subfield code="p">A02328</subfield>
    <subfield code="r">2024-02-09 21:22:06</subfield>
    <subfield code="w">2024-02-09</subfield>
    <subfield code="y">BK</subfield>
  </datafield>
  <datafield tag="999" ind1=" " ind2=" ">
    <subfield code="c">125434</subfield>
    <subfield code="d">125434</subfield>
  </datafield>
</record>
